Depp and Burton Quiz Stats

 Plays Quiz Updated Oct 3, 2018

Also try: Tim Burton Movies
Challenge
Share
Tweet
Embed
Score 0/8 Timer 02:00
0 Plays Today
Year Movie % Correct
1990Edward Scissorhands
87.8%
2007Sweeney Todd: The Demon Barber of Fleet Street
65.4%
2005Charlie and the Chocolate Factory
64.3%
2005Corpse Bride
62.4%
2012Dark Shadows
44.1%
1999Sleepy Hollow
39.5%
1994Ed Wood
31.3%
2010Alice in Wonderland
30.6%

You're not logged in!

Compare scores with friends on all Sporcle quizzes.
OR
Log In

You Might Also Like...

Show Comments

Extras

Top Quizzes Today


Score Distribution

Your Account Isn't Verified!

In order to create a playlist on Sporcle, you need to verify the email address you used during registration. Go to your Sporcle Settings to finish the process.

Report this User

Report this user for behavior that violates our Community Guidelines.

Details: